| Tag |
First Indicator |
Second Indicator |
Subfields |
| LEADER |
00000cam a2200000Ia 4500 |
| 001 |
in00000030684 |
| 005 |
20151007063003.0 |
| 008 |
750716s1930 nyua 000 1 eng d |
| 019 |
|
|
|a 4607182
|
| 035 |
|
|
|a (OCoLC)ocm10572115
|
| 035 |
|
|
|9 AAD6267AM
|
| 040 |
|
|
|a MOV
|c MOV
|d TXA
|d UtOrBLW
|
| 049 |
|
|
|a TXAM
|
| 090 |
|
|
|a PS3537.T667
|b B5 1930
|
| 100 |
1 |
|
|a Stone, Grace Zaring,
|d 1891-1991.
|
| 245 |
1 |
4 |
|a The bitter tea of General Yen /
|c by Grace Zaring Stone ; illustrated by Barbara Macfarlane.
|
| 264 |
|
1 |
|a [New York] :
|b Grosset & Dunlap,
|c [1930]
|
| 264 |
|
4 |
|c ©1930
|
| 300 |
|
|
|a 322 pages :
|b illustrations ;
|c 20 cm.
|
| 336 |
|
|
|a text
|b txt
|2 rdacontent
|
| 337 |
|
|
|a unmediated
|b n
|2 rdamedia
|
| 338 |
|
|
|a volume
|b nc
|2 rdacarrier
|
| 994 |
|
|
|a E0
|b TXA
|
| 949 |
|
|
|a updated
|b h
|c 2003/5/2
|e lmiller
|f 1:14:26 pm (Replaced incorrect record with correct one)
|
| 999 |
|
|
|a MARS
|
| 999 |
f |
f |
|s a83fb26d-0173-3832-bdb1-316b702e46dd
|i 153f7f2b-ec95-3ece-9055-9381070f9be8
|t 0
|
| 952 |
f |
f |
|p ric
|a Texas A&M University
|b Rellis Campus
|c Joint Library Facility
|d Remote Storage
|t 0
|e PS3537.T667 B5 1930
|h Library of Congress classification
|i unmediated -- volume
|m A14801252021
|
| 998 |
f |
f |
|a PS3537.T667 B5 1930
|t 0
|l Remote Storage
|